Największe miasta w województwie lubuskim - Statystyki

Ogólne statystyki
  • Ten quiz został rozwiązany 12 razy
  • Średni wynik to 11 z 15
Statystyki odpowiedzi
Liczba ludności Miasto % Poprawnych
115,847 Gorzów Wielkopolski
100%
20,921 Świebodzin
100%
139,132 Zielona Góra
100%
15,684 Gubin
89%
10,601 Krosno Odrzańskie
89%
17,626 Kostrzyn nad Odrą
78%
36,183 Nowa Sól
78%
16,236 Słubice
78%
35,033 Żary
78%
16,924 Międzyrzecz
67%
15,602 Sulechów
67%
13,068 Wschowa
67%
23,596 Żagań
67%
12,909 Lubsko
44%
10,652 Szprotawa
22%
Nie znaleziono quizów pasujących do podanych kryteriów
Rozkład punktacji
Procent ludzi z każdym wynikiem
Percentyl według liczby udzielonych odpowiedzi
Twoja historia wyników
Nie rozwiązałeś tego quizu